01447nas a2200241Ia 4500001001100000003001000011008004100021040002500062041001300087100002200100210002500122222002500147245013600172250001100308260004700319300001200366310001500378362003500393500031700428501011400745520031700859650002901176R200-R1718IT-CnALBA170116c99999999xx |||||||||||| ||und|| aIT-CnALBAcIT-CnALBA aITALIANO aCAMPANINI GIORGIO aRASSEGNA DI TEOLOGIA aRASSEGNA DI TEOLOGIA 0aRASSEGNA DI TEOLOGIA. N. II ANNO XXX MARZO APRILE 1989. RIVISTA DI TEOLOGIA E SCIENZE UMANE. b RIVISTA DI TEOLOGIA E SCIENZE UMANE a1a ed. aROMAbAVE, ANONIMA VERITA'S EDITRICEc1989 a104 p.  aBIMESTRALE aFascicolo: 2 / Anno: 30 (1989) aCULTURA DELLA VITA. MODERNITÀ SOLIDARIETÀ. TEOLOGIA E PROBLEMA ECOLOGICO. IDENTITÀ CRISTIANA E DIALOGO. INSEGNAMENTO DELLA RELIGIONE E CATECHESI. FORUM ATI, ASSOCIAZIONE TEOLOGICA ITALIANA, TRACCIA PER UN CAMMINO. RECENSIONI LIBRI IN VISIONE. PRENNA L. CAMPANINI G. RIZZI A. GIANNONI P. MARRA B. MATTAI G.  aSocietà San Paolo EM - Piazza San Paolo, 14 - 12051 ALBA (CN) (non commercial uses only) ® Copyright 2017 aCULTURA DELLA VITA. MODERNITÀ SOLIDARIETÀ. TEOLOGIA E PROBLEMA ECOLOGICO. IDENTITÀ CRISTIANA E DIALOGO. INSEGNAMENTO DELLA RELIGIONE E CATECHESI. FORUM ATI, ASSOCIAZIONE TEOLOGICA ITALIANA, TRACCIA PER UN CAMMINO. RECENSIONI LIBRI IN VISIONE. PRENNA L. CAMPANINI G. RIZZI A. GIANNONI P. MARRA B. MATTAI G.  aTEOLOGIA - SCIENZE UMANE